00409nam a2200169Ia 4500003000400000005001700004008004100021020001500062050002400077100001500101245004600116260003500162300002100197440000600218521000700224526000800231OSt20140311163113.0140130s9999 xx 000 0 und d a043956848X aPZ 7b.St859Go 1993 aStine, R.L aThe werewolf of fever swamp /cStine, R.L bScholastic,aNew York :c1993. a123 p. :c18 cm. v1 aG3 c540